[Event "GER-ch U25-A"]
[Site "Willingen"]
[Date "2017.06.04"]
[Round "1"]
[White "Thumm, Felix"]
[Black "Hartmann, Jakob"]
[Result "0-1"]
[WhiteElo "1878"]
[BlackElo "2042"]
[PlyCount "94"]
[EventDate "2017.06.04"]
[EventType "swiss"]
[EventRounds "9"]
[EventCountry "GER"]
[SourceTitle "CBM 178 Extra"]
[Source "ChessBase"]
[SourceDate "2017.06.22"]
[SourceVersion "1"]
[SourceVersionDate "2017.06.22"]
[SourceQuality "1"]

1. d4 d5 2. Nf3 Nf6 3. e3 c5 4. b3 cxd4 5. exd4 Nc6 6. Bb2 Bg4 7. Bd3 e6 8. 0-0 Bd6 9. Nbd2 0-0 10. c4 Qc7 11. a3 Bxh2+ 12. Kh1 Bf4 13. Qc2 Bxd2 14. Qxd2 Na5 15. Qc3 Bxf3 16. gxf3 Qf4 17. Kg2 Qg5+ 18. Kh3 Nh5 19. Bc1 Nf4+ 20. Bxf4 Qxf4 21. Bc2 Nc6 22. Rad1 dxc4 23. bxc4 Rad8 24. d5 exd5 25. Rxd5 Rxd5 26. cxd5 Qh6+ 27. Kg4 Ne7 28. Qe5 f5+ 29. Kg3 Qg5+ 30. Kh2 Rf6 31. Qg3 Qh6+ 32. Qh3 Qf4+ 33. Qg3 Rh6+ 34. Kg2 Rg6 35. Bb3 Rxg3+ 36. fxg3 Qd6 37. Re1 Kf8 38. Re6 Qxa3 39. d6 Qxb3 40. Rxe7 Qd5 41. Rd7 Qc6 42. Rd8+ Kf7 43. d7 Qc7 44. Ra8 Qxd7 45. Rxa7 g5 46. Ra2 g4 47. fxg4 Qd5+ 0-1

[Event "GER-ch U25-A"]
[Site "Willingen"]
[Date "2016.05.21"]
[Round "9"]
[White "Thumm, Felix"]
[Black "Beesk, Kevin"]
[Result "0-1"]
[WhiteElo "1939"]
[BlackElo "1961"]
[PlyCount "64"]
[EventDate "2016.05.15"]
[EventType "swiss"]
[EventRounds "9"]
[EventCountry "GER"]
[SourceTitle "CBM 172 Extra"]
[Source "ChessBase"]
[SourceDate "2016.06.21"]
[SourceVersion "1"]
[SourceVersionDate "2016.06.21"]
[SourceQuality "1"]

1. d4 Nf6 2. Nf3 c5 3. e3 g6 4. b3 cxd4 5. exd4 d5 6. Bb2 Bg7 7. Bd3 0-0 8. 0-0 Nc6 9. a3 Ne4 10. Re1 Nc5 11. Bf1 Ne6 12. Ne5 Qb6 13. c3 Qc7 14. Nd3 Nf4 15. Nxf4 Qxf4 16. Qd2 Qc7 17. Bd3 Bd7 18. a4 Rad8 19. Na3 a6 20. Rac1 Bc8 21. Nc2 Rfe8 22. Bf1 Na5 23. Na1 Bf5 24. Bd3 Bxd3 25. Qxd3 Qd6 26. Red1 f6 27. c4 dxc4 28. bxc4 b6 29. c5 bxc5 30. Rxc5 Qxc5 31. dxc5 Rxd3 32. Rxd3 Rb8 0-1

[Event "GER-ch U25-A"]
[Site "Willingen"]
[Date "2016.05.18"]
[Round "6"]
[White "Walow, Xenia"]
[Black "Thumm, Felix"]
[Result "1/2-1/2"]
[WhiteElo "1575"]
[BlackElo "1939"]
[PlyCount "90"]
[EventDate "2016.05.15"]
[EventType "swiss"]
[EventRounds "9"]
[EventCountry "GER"]
[SourceTitle "CBM 172 Extra"]
[Source "ChessBase"]
[SourceDate "2016.06.21"]
[SourceVersion "1"]
[SourceVersionDate "2016.06.21"]
[SourceQuality "1"]

1. d4 Nf6 2. Nf3 g6 3. e3 Bg7 4. b3 0-0 5. Bb2 d6 6. Nbd2 Nbd7 7. Bd3 Re8 8. 0-0 e5 9. dxe5 Nxe5 10. Nxe5 dxe5 11. e4 c6 12. h3 Nh5 13. Nf3 Bd7 14. Qd2 Nf4 15. Kh2 Qf6 16. Ng1 Qg5 17. g3 Bxh3 18. Nxh3 Nxh3 19. Qxg5 Nxg5 20. Kg2 Ne6 21. f3 Rad8 22. Rad1 Rd7 23. Be2 Red8 24. Rxd7 Rxd7 25. Rd1 Rxd1 26. Bxd1 Nd4 27. c3 Nb5 28. Kf2 Kf8 29. Ke2 Ke7 30. Bc2 h5 31. Kd3 g5 32. Ke2 Ke6 33. a4 Nd6 34. Bc1 Bh6 35. Be3 b6 36. Kf2 f5 37. Kg2 f4 38. gxf4 exf4 39. Bf2 Bg7 40. Be1 b5 41. axb5 Nxb5 42. c4 Na3 43. Bd3 Bb2 44. Bf2 a6 45. Bc5 Ke5 1/2-1/2

[Event "GER-ch U25 op-A"]
[Site "Willingen"]
[Date "2015.05.27"]
[Round "6"]
[White "Thumm, Felix"]
[Black "Boesel, Alexander"]
[Result "1/2-1/2"]
[WhiteElo "1783"]
[BlackElo "1995"]
[PlyCount "70"]
[EventDate "2015.05.24"]
[EventType "swiss"]
[EventRounds "9"]
[EventCountry "GER"]
[SourceTitle "CBM 166 Extra"]
[Source "ChessBase"]
[SourceDate "2015.06.18"]
[SourceVersion "1"]
[SourceVersionDate "2015.06.18"]
[SourceQuality "1"]

1. d4 Nf6 2. Nf3 g6 3. e3 Bg7 4. b3 d5 5. Bb2 Bg4 6. Nbd2 0-0 7. Bd3 Nbd7 8. h3 Bxf3 9. Nxf3 c5 10. 0-0 a6 11. Rc1 Qa5 12. Qd2 Qxd2 13. Nxd2 cxd4 14. exd4 Rfc8 15. Nf3 e6 16. Rfe1 b5 17. Ra1 Nb6 18. Ne5 Bf8 19. a3 Rc7 20. Re3 Bh6 21. Re2 Ne8 22. Rf1 Nd6 23. f4 Nbc4 24. Bc1 Bf8 25. Ref2 Nb6 26. g4 f5 27. gxf5 gxf5 28. Rg2+ Rg7 29. Nf3 h6 30. Rff2 Ne4 31. Rxg7+ Bxg7 32. Rg2 Kf7 33. Ne5+ Bxe5 34. dxe5 Rg8 35. Rxg8 Kxg8 1/2-1/2

[Event "GER-ch U25 op-A"]
[Site "Willingen"]
[Date "2015.05.25"]
[Round "3"]
[White "Leonard, Timo"]
[Black "Thumm, Felix"]
[Result "1/2-1/2"]
[WhiteElo "1528"]
[BlackElo "1783"]
[PlyCount "114"]
[EventDate "2015.05.24"]
[EventType "swiss"]
[EventRounds "9"]
[EventCountry "GER"]
[SourceTitle "CBM 166 Extra"]
[Source "ChessBase"]
[SourceDate "2015.06.18"]
[SourceVersion "1"]
[SourceVersionDate "2015.06.18"]
[SourceQuality "1"]

1. e4 c5 2. c3 e6 3. d4 cxd4 4. cxd4 Nf6 5. Nc3 d5 6. e5 Nfd7 7. a3 a6 8. Nf3 b5 9. Bd3 Nc6 10. 0-0 Qb6 11. Be3 Bb7 12. Rc1 Rc8 13. b4 Qa7 14. Nd2 Ndxe5 15. dxe5 d4 16. Bf4 dxc3 17. Rxc3 Rd8 18. Ne4 Qd4 19. Qc2 Nxe5 20. Bxe5 Qxe5 21. Rc7 Rxd3 22. Rxb7 Qxe4 23. Qc7 Qxb7 24. Qxb7 Rd6 25. Rc1 Be7 26. h3 Bd8 27. Rc6 Rd7 28. Kh2 0-0 29. Qxa6 Rd2 30. Qxb5 Rxf2 31. a4 Be7 32. Qc4 Rb2 33. b5 h6 34. Rc8 Bd8 35. Qd4 Bf6 36. Rxf8+ Kxf8 37. Qc5+ Kg8 38. a5 Re2 39. Qc4 Be5+ 40. Kg1 Rb2 41. b6 Bg3 42. Qd3 Be1 43. Qa3 Rb5 44. a6 Ba5 45. a7 Bxb6+ 46. Kh2 Bxa7 47. Qxa7 Rf5 48. Qa8+ Kh7 49. Qe4 Kg8 50. g4 Ra5 51. h4 g5 52. h5 Ra2+ 53. Kg3 Ra3+ 54. Kf2 Ra2+ 55. Ke3 Ra3+ 56. Kd2 Ra2+ 57. Kc3 Ra5 1/2-1/2

[Event "Rheinland Pfalz op 3rd"]
[Site "Gau Algesheim"]
[Date "2011.07.31"]
[Round "7"]
[White "Von Huebschmann, Andreas"]
[Black "Thumm, Felix"]
[Result "1-0"]
[WhiteElo "1654"]
[BlackElo "1798"]
[PlyCount "147"]
[EventDate "2011.07.28"]
[EventType "swiss"]
[EventRounds "7"]
[EventCountry "GER"]
[SourceTitle "EXT 2013"]
[Source "ChessBase"]
[SourceDate "2012.11.22"]
[SourceVersion "1"]
[SourceVersionDate "2012.11.22"]
[SourceQuality "1"]

1. d4 e6 2. c4 d5 3. Nc3 Nf6 4. cxd5 exd5 5. Bg5 Be7 6. e3 h6 7. Bh4 Nc6 8. Bb5 Bd7 9. Bxf6 Bxf6 10. Nxd5 a6 11. Nxf6+ Qxf6 12. Ba4 Qg5 13. Nf3 Qxg2 14. Rg1 Qh3 15. d5 Na7 16. Bxd7+ Qxd7 17. Rxg7 Qd6 18. Qd4 Nc8 19. 0-0-0 Ne7 20. Qg4 Ng6 21. Qf5 Qf8 22. Qf6 Rd8 23. Ne5 Nxe5 24. Qxe5+ Qe7 25. Qxe7+ Kxe7 26. Rd4 Kf6 27. Rgg4 h5 28. Rdf4+ Ke7 29. Rg7 Rhf8 30. e4 a5 31. Rh7 Rd6 32. Rxh5 Ra6 33. a3 a4 34. Rhf5 Rh6 35. h4 Rh7 36. e5 b5 37. Kc2 Rh6 38. b4 axb3+ 39. Kxb3 Rb6 40. Kb4 Ra6 41. h5 Ra4+ 42. Kb3 Ra6 43. e6 f6 44. h6 Ra5 45. h7 Ra7 46. Rxf6 Rh8 47. Rf7+ Kd6 48. Rd7+ Ke5 49. Rff7 Raa8 50. f4+ Ke4 51. f5 Ke5 52. Rxc7 Kxd5 53. e7 Kd6 54. Rb7 Kc6 55. e8Q+ Raxe8 56. Rfc7+ Kd6 57. Kb4 Re4+ 58. Kxb5 Re5+ 59. Kb6 Rxf5 60. Rc6+ Ke5 61. Rc5+ Kf4 62. Rxf5+ Kxf5 63. a4 Re8 64. Rc7 Rb8+ 65. Rb7 Re8 66. a5 Re6+ 67. Ka7 Re8 68. a6 Ke5 69. Kb6 Re6+ 70. Kb5 Re8 71. a7 Rh8 72. Rb8 Rxh7 73. a8Q Rb7+ 74. Qxb7 1-0

[Event "Solingen Karneval op"]
[Site "Solingen"]
[Date "2011.03.05"]
[Round "3"]
[White "Kuhn, Juergen"]
[Black "Thumm, Felix"]
[Result "1-0"]
[WhiteElo "2059"]
[BlackElo "1770"]
[PlyCount "81"]
[EventDate "2011.03.04"]
[EventType "swiss"]
[EventRounds "5"]
[EventCountry "GER"]
[SourceTitle "EXT 2015"]
[Source "ChessBase"]
[SourceDate "2014.11.20"]
[SourceVersion "1"]
[SourceVersionDate "2014.11.20"]
[SourceQuality "1"]

1. Nf3 e6 2. b3 d5 3. Bb2 c5 4. e3 Bd7 5. d4 Nf6 6. Bd3 Nc6 7. 0-0 Be7 8. Nbd2 Rc8 9. Be2 Qc7 10. Ne5 Bd6 11. f4 Ne7 12. Bd3 Qb6 13. c3 Nc6 14. Kh1 Ne7 15. Rf3 Ng6 16. Qe1 Be7 17. Rh3 Nf8 18. Ndf3 c4 19. Bc2 cxb3 20. axb3 Bd6 21. Ng5 Bxe5 22. fxe5 Ne4 23. Bxe4 dxe4 24. Nxe4 Rc6 25. Nd6+ Rxd6 26. exd6 Qxb3 27. Rxa7 Bc6 28. Ba3 Qc2 29. Rg3 g6 30. Bc5 Kd7 31. Ra1 h5 32. c4 Kc8 33. Qa5 Nh7 34. Qa8+ Kd7 35. Qxh8 h4 36. Qxh7 Qf5 37. Qxh4 g5 38. Qxg5 Bxg2+ 39. Rxg2 Qxg5 40. Rxg5 b6 41. Ra7+ 1-0